Ricostruisci la Carriera del Calciatore - Łukasz Skorupski - Statistics

Statistiche generali
  • Questo quiz è stato fatto 3 volte
  • Il punteggio medio è 3 su 7
Statistiche sulle risposte
Hint Risposta % Corretto
2011 Ruch Radzionków
100%
2018- Bologna
50%
2015-2017 Empoli
50%
2011-2013 Górnik Zabrze
50%
2017-2018 Roma
50%
2009-2011 Górnik Zabrze
0%
2013-2015 Roma
0%
Nessun quiz corrispondente trovato
Distribuzione punteggi
Percentuale di utenti per punteggio
Percentile per numero di risposta
I tuoi punteggi nel tempo
Non hai fatto questo quiz